Elastomers and rubber elasticity (Record no. 37023)

MARC details
000 -LEADER
fixed length control field 00411nam a2200157Ia 4500
082 ## - DEWEY DECIMAL CLASSIFICATION NUMBER
Classification number 678.074+678.01:539.3
Item number MAR
245 #0 - TITLE STATEMENT
Title Elastomers and rubber elasticity
260 ## - PUBLICATION, DISTRIBUTION, ETC. (IMPRINT)
Place of publication Washington
Name of publisher ACS
Year of publication 1982
490 ## - SERIES STATEMENT
Series statement ACS symposium series 193
650 ## - SUBJECT ADDED ENTRY--TOPICAL TERM
Topical Term Elasticity
650 ## - SUBJECT ADDED ENTRY--TOPICAL TERM
Topical Term Elastomers
700 ## - ADDED ENTRY--PERSONAL NAME
Personal name Joginder Lal, James E
700 ## - ADDED ENTRY--PERSONAL NAME
Personal name Mark
942 ## - ADDED ENTRY ELEMENTS (KOHA)
Koha item type Books
Holdings
Withdrawn status Lost status Damaged status Not for loan Home library Current library Date acquired Cost, normal purchase price Full call number Accession Number Koha item type
        RRII Library RRII Library 16/12/2021 65.95 678.074+678.01:539.3 MAR 17415 Books